| 000 | 00861nam a2200229 i 4500 | ||
|---|---|---|---|
| 001 | 94825 | ||
| 003 | ES-MaACL | ||
| 005 | 20230906181551.0 | ||
| 007 | t| | ||
| 008 | 050517s1976 sp ||||1| spa d | ||
| 100 | 1 |
_aLozano Sebastián, Francisco Javier. _974466 |
|
| 245 | 1 | 0 |
_aSan Isidoro de Sevilla _b: teología del pecado y la conversión / _cFrancisco Javier Lozano Sebastián. |
| 260 |
_aBurgos : _bAldecoa, _c1976. |
||
| 300 |
_a234 p. ; _c25 cm. |
||
| 490 | 1 |
_aPublicaciones de la Facultad Teológica del Norte de España, Sede de Burgos ; _v36 |
|
| 600 | 0 | 4 |
_aIsidoro de Sevilla, _cSanto. _9176281 |
| 650 | 4 |
_aPecado. _9158813 |
|
| 650 | 4 |
_aConversión religiosa. _9169583 |
|
| 830 | 0 |
_aPublicaciones de la Facultad Teológica del Norte de España, Sede de Burgos ; _v36 _9184552 |
|
| 852 |
_aES-MaACL _jA-6654 _bR.95171 |
||
| 999 |
_c94825 _d94825 |
||